000 00320nam a22001457a 4500
008 231013b ||||| |||| 00| 0 eng d
020 _a6720394
041 _aeng
080 _a521
082 _a521EVA
100 _a19
101 _aASTRO
245 _aOBSERVATION IN MODERN ASTRONOMY
_cEVANS .S.D
942 _2udc
_cBK
999 _c60448
_d60448